Central Library OPAC University of Rajshahi

The law of transfer in India and Pakistan : (Record no. 26833)

MARC details
000 -LEADER
fixed length control field 01608nam a2200361 a 4500
001 - CONTROL NUMBER
control field 26833
003 - CONTROL NUMBER IDENTIFIER
rucl marc code BD-RjUL
005 - DATE AND TIME OF LATEST TRANSACTION
control field 20220424124947.0
008 - FIXED-LENGTH DATA ELEMENTS--GENERAL INFORMATION
fixed length control field 160906r1974 ii 001 0 eng d
020 ## - INTERNATIONAL STANDARD BOOK NUMBER
Terms of availability :IRs. 225.00 (set of 4 vols.0
Terms of availability : IRs. 66.00 (V-4)
035 ## - SYSTEM CONTROL NUMBER
System control number (BD-RjUL) 26904
040 ## - CATALOGING SOURCE
Original cataloging agency DLC
Transcribing agency DLC
Modifying agency EQO
-- BD-RjUL
Language of cataloging eng
041 ## - LANGUAGE CODE
Language code of text/sound track or separate title eng
082 04 - DEWEY DECIMAL CLASSIFICATION NUMBER
Edition number 23
Classification number 346.540436
Author mark and year GOL 1973-1974
100 1# - MAIN ENTRY--PERSONAL NAME
Personal name Gour, Hari Singh
Dates associated with a name 1869-1949.
9 (RLIN) 13619
245 14 - TITLE STATEMENT
Title The law of transfer in India and Pakistan :
Remainder of title being a commentary, analytical, critical, and expository on the Transfer of property act (act IV of 1882 as amended up to date) /
Statement of responsibility, etc. Hari Singh Gour ; Revised by T. P. Mukerjee, R. B. Sethi
250 ## - EDITION STATEMENT
Edition statement 8th ed.
260 ## - PUBLICATION, DISTRIBUTION, ETC. (IMPRINT)
Place of publication, distribution, etc. Allahabad :
Name of publisher, distributor, etc. Law Publishers,
Date of publication, distribution, etc. 1973, 1974
300 ## - PHYSICAL DESCRIPTION
Pagination v. ;
Size 25 cm.
500 ## - GENERAL NOTE
General note "In 4 Volumes"
General note Includes Index
General note Earlier editions have title: The law of transfer in British India; editions 4-6 entered under: India. Laws, statutes, etc.; 7th ed., 1948, entered under: India (Dominion) Laws, statutes, etc.
505 01 - FORMATTED CONTENTS NOTE
Formatted contents note Vol.1--V. 2 (Secs. 45-58) -- V. 3 - V. 4, (Secs. 91-End) --
650 #0 - SUBJECT ADDED ENTRY--TOPICAL TERM
Topical term or geographic name as entry element Transfer (Law)
Geographic subdivision India.
9 (RLIN) 26402
Topical term or geographic name as entry element Transfer (Law)
9 (RLIN) 155866
651 ## - SUBJECT ADDED ENTRY--GEOGRAPHIC NAME
Geographic name India.
9 (RLIN) 155867
700 1# - ADDED ENTRY--PERSONAL NAME
Personal name Mukherjee, Tulsi Prasad,
Dates associated with a name 1908-
Personal name Sethi, Raghbirlal Bhagatram.
710 12 - ADDED ENTRY--CORPORATE NAME
Corporate name or jurisdiction name as entry element India (Republic).
Form subheading Laws, statutes, etc.
Title of a work Transfer of property act, 1882. 1971.
9 (RLIN) 26405
Corporate name or jurisdiction name as entry element Pakistan.
Form subheading Laws, statutes, etc.
Title of a work Transfer of property act, 1882. 1971.
9 (RLIN) 26406
942 ## - ADDED ENTRY ELEMENTS (KOHA)
Source of classification or shelving scheme Dewey Decimal Classification
Koha item type Books
Holdings
Lost status Source of classification or shelving scheme Damaged status Not for loan Collection code Permanent Location Current Location Shelving location Date acquired Source of acquisition Cost, normal purchase price Total Checkouts Full call number Date last seen Copy number Koha item type Date checked out
  Dewey Decimal Classification     Non-fiction Central Library, University of Rajshahi Central Library, University of Rajshahi   12/02/1974 Warsi book corporation, Dhaka 213.00   346.540436 GOL V-3 1973 23/03/2014 C-2 Books  
  Dewey Decimal Classification     Non-fiction Central Library, University of Rajshahi Central Library, University of Rajshahi   05/07/1976 K. P. Bagchi and co., Calcutta 225.00 1 346.540436 GOL V-4 1974 27/01/2025 C-2 Books 31/05/2023
  Dewey Decimal Classification     Non-fiction Central Library, University of Rajshahi Central Library, University of Rajshahi   05/07/1976 K. P. Bagchi and co., Calcutta 225.00 1 346.540436 GOL V-2 1974 27/01/2025 C-2 Books 31/05/2023
  Dewey Decimal Classification     Non-fiction Central Library, University of Rajshahi Central Library, University of Rajshahi   05/07/1976 K. P. Bagchi and co., Calcutta 225.00 1 346.540436 GOL V-3 1974 27/01/2025 C-3 Books 31/05/2023
  Dewey Decimal Classification   Not For Loan Non-fiction Central Library, University of Rajshahi Central Library, University of Rajshahi Reading Room 11/02/1974 Warsi Book corp. 213.00   346.540436 GOL V-2 1974 23/01/2017 C-1 Books  
  Dewey Decimal Classification   Not For Loan Non-fiction Central Library, University of Rajshahi Central Library, University of Rajshahi Reading Room 05/07/1976   2225.00   346.540436 GOL V-1 1971 24/04/2022 C-1 Books  
  Dewey Decimal Classification     Non-fiction Central Library, University of Rajshahi Central Library, University of Rajshahi General Stacks 12/01/1974 Warsi Book Corp. 213.00 1 346.540436 GOL V-1 1971 27/01/2025 C-2 Books 31/05/2023